Практикум по безопасности жизнедеятельности: учебное пособие

Detaylı Bibliyografya
Diğer Yazarlar: Фролов А. В. Анатолий Васильевич (редактор)
Özet:В пособии освещены программные вопросы охраны труда и безопасности жизнедеятельности. Основное внимание уделено правовым и организационным основам охраны труда, системе управления охраной труда, идентификации и воздействию на человека негативных факторов среды обитания и производственной деятельности, обеспечению безопасных и безвредных условий труда, основам пожарной безопасности и безопасности в ЧС. Правовые вопросы и мероприятия по обеспечению безопасности жизнедеятельности рассмотрены с учетом мер по совершенствованию государственного управления, требований новых нормативно-правовых актов и достижений науки и техники. Книга предназначена для студентов высших учебных заведений всех направлений подготовки бакалавров и специалистов. Она будет также полезна специалистам по охране труда и инженерно-техническим работникам предприятий и организаций, преподавателям вузов и обучающих центров системы профессиональной переподготовки и повышения квалификации по охране труда.
Dil:Rusça
Baskı/Yayın Bilgisi: Ростов-на-Дону, Феникс, 2009
Seri Bilgileri:Высшее образование
Konular:
Materyal Türü: Kitap
KOHA link:https://koha.lib.tpu.ru/cgi-bin/koha/opac-detail.pl?biblionumber=174986

MARC

LEADER 00000nam0a2200000 4500
001 174986
005 20231101223210.0
010 |a 9785222147573 
035 |a (RuTPU)RU\TPU\book\189751 
090 |a 174986 
100 |a 20100208d2009 m y0rusy50 ca 
101 0 |a rus 
102 |a RU 
105 |a a j 001zy 
200 1 |a Практикум по безопасности жизнедеятельности  |e учебное пособие  |f под ред. А. В. Фролова 
210 |a Ростов-на-Дону  |c Феникс  |d 2009 
215 |a 490 с.  |c ил. 
225 1 |a Высшее образование 
320 |a Библиография в конце лабораторных работ. 
330 |a В пособии освещены программные вопросы охраны труда и безопасности жизнедеятельности. Основное внимание уделено правовым и организационным основам охраны труда, системе управления охраной труда, идентификации и воздействию на человека негативных факторов среды обитания и производственной деятельности, обеспечению безопасных и безвредных условий труда, основам пожарной безопасности и безопасности в ЧС. Правовые вопросы и мероприятия по обеспечению безопасности жизнедеятельности рассмотрены с учетом мер по совершенствованию государственного управления, требований новых нормативно-правовых актов и достижений науки и техники. Книга предназначена для студентов высших учебных заведений всех направлений подготовки бакалавров и специалистов. Она будет также полезна специалистам по охране труда и инженерно-техническим работникам предприятий и организаций, преподавателям вузов и обучающих центров системы профессиональной переподготовки и повышения квалификации по охране труда. 
606 1 |a Безопасность жизнедеятельности  |2 stltpush  |3 (RuTPU)RU\TPU\subj\27856  |9 51540 
610 1 |a производственные помещения 
610 1 |a метеорологические условия 
610 1 |a искусственное освещение 
610 1 |a производственный шум 
610 1 |a вибрация 
610 1 |a воздушная среда 
610 1 |a запыленность 
610 1 |a пылеулавливание 
610 1 |a загрязнение 
610 1 |a токсичные газы 
610 1 |a взрывчатые газы 
610 1 |a загрязняющие вещества 
610 1 |a вода 
610 1 |a очистка 
610 1 |a сверхвысокочастотное излучение 
610 1 |a тепловое излучение 
610 1 |a электробезопасность 
610 1 |a защитное заземление 
610 1 |a защитное зануление 
610 1 |a шаговые напряжения 
610 1 |a опасность 
610 1 |a защитное отключение 
610 1 |a ионизирующие излучения 
610 1 |a дозиметрический контроль 
610 1 |a пожары 
610 1 |a средства индивидуальной защиты 
610 1 |a несчастные случаи 
610 1 |a первая помощь 
610 1 |a психофизиологические характеристики 
610 1 |a охрана труда 
610 1 |a инструкции 
610 1 |a рабочее место 
610 1 |a аттестация 
610 1 |a лабораторные работы 
610 1 |a практические занятия 
610 1 |a учебные пособия 
675 |a 614.8(076.5)  |v 3 
702 1 |a Фролов  |b А. В.  |g Анатолий Васильевич  |4 340 
801 1 |a RU  |b 63413507  |c 20100208 
801 2 |a RU  |b 63413507  |c 20150529  |g RCR 
942 |c BK 
959 |a 1/20100204  |d 2  |e 295,20  |f АНЛ:1  |f ЧЗТЛ:1